Introducción a la econometría (Registro nro. 5054)

Detalles MARC
000 -LEADER
fixed length control field 01343 a2200265 4500
001 - CONTROL NUMBER
control field 53045
005 - DATE AND TIME OF LATEST TRANSACTION
control field 20260407155804.0
008 - FIXED-LENGTH DATA ELEMENTS--GENERAL INFORMATION
fixed length control field 260407a1996 arg spa d
003 - CONTROL NUMBER IDENTIFIER
control field AR-UNSa-BCEJYS
040 ## - CATALOGING SOURCE
Original cataloging agency AR-UNSa-BCEJYS
Language of cataloging spa
Transcribing agency AR-UNSa-BCEJYS
080 ## - UNIVERSAL DECIMAL CLASSIFICATION NUMBER
Universal Decimal Classification number 330.43
Common auxiliary subdivision Econometría
020 ## - INTERNATIONAL STANDARD BOOK NUMBER
International Standard Book Number 978-968-880-697-5
041 ## - LANGUAGE CODE
Language code of text/sound track or separate title spa
100 1# - MAIN ENTRY--PERSONAL NAME
Personal name Maddala, G.S.
245 10 - TITLE STATEMENT
Title Introducción a la econometría
250 ## - EDITION STATEMENT
Edition statement 2a. ed.
264 #1 - PRODUCTION, PUBLICATION, DISTRIBUTION, MANUFACTURE, AND COPYRIGHT NOTICE
Place of production, publication, distribution, manufacture México :
Name of producer, publisher, distributor, manufacturer Prentice-Hall Hispanoamericana
Date of production, publication, distribution, manufacture, or copyright notice 1996
300 ## - PHYSICAL DESCRIPTION
Extent xviii, 715 p.
Dimensions 23 cm.
505 ## - FORMATTED CONTENTS NOTE
Formatted contents note 1. ¿Qué es la Econometría? - 2. Antecedentes estadísticos y álgebra matricial - 3. Regresión simple - 4. Regresión múltiple - 5. Heterocedasticidad - 6. Autocorrelación - 7. Multicolinealidad - 8. Variables indicadores y truncadas - 9. Modelos de ecuaciones simultáneas - 10. Modelos de expectativas - 11. Errores variables - 12. Verificación de diagnóstico, selección de modelo y prueba de especificacón - 13. Introducción al análisis de series de tiempo - 14. Autorregresiones de vectores, raíces unitarias y cointegración
590 ## - LOCAL NOTE (RLIN)
Local note niveau_biblio:m niveau_hierar:0
700 1# - ADDED ENTRY--PERSONAL NAME
Personal name Jolly Vallejo, Juan Carlos
700 1# - ADDED ENTRY--PERSONAL NAME
Personal name Alegría, Alejandro
856 41 - ELECTRONIC LOCATION AND ACCESS
Uniform Resource Identifier <a href="https://www.biblioeco.unsa.edu.ar/pmb/images/libros/L128411.jpg">https://www.biblioeco.unsa.edu.ar/pmb/images/libros/L128411.jpg</a>
Link text Imagen de portada
Electronic format type image/jpeg
942 ## - ADDED ENTRY ELEMENTS (KOHA)
Koha item type
Existencias
Withdrawn status Lost status Damaged status Not for loan Home library Current library Shelving location Date acquired Total checkouts Full call number Barcode Date last seen Price effective from Koha item type
        Biblioteca Prof. Eusebio Cleto del Rey Biblioteca Prof. Eusebio Cleto del Rey   07/04/2026   330.43 M179 2ed. L128411 07/04/2026 07/04/2026 Libro